000 01170nam a2200325 i 4500
003 DO-SdBNP
005 20250205122719.0
007 ta
008 240708b2016 dr ||||| |||| 00| 0 spa d
020 _a9788493851910
040 _aDO-SdBNP
_bspa
_cBNPHU
_erda
082 4 _222
100 1 _aBonet, Lluís,
_946306
_eautor
245 1 3 _aLa gestión de teatros :
_bmodelos y estrategias para equipamientos culturales /
_cLluís Bonet, Héctor Schargorodsky ; coordinación, Jaume Colomer, Bernat Casso
264 _aSanto Domingo :
_bBissap Gescénic,
_c2016.
300 _a231 páginas ;
_c24 cm.
336 _2rdacontent
_atexto
_btxt
337 _2rdamedia
_asin mediación
_bn
338 _2rdacarrier
_avolumen
_bnc
490 _aQuadernos de Cultura
_v4
500 _aIncluye referencias bibliográficas y notas al pie de las páginas
500 _aIncluye índice de ilustraciones
504 _aBibliografía : páginas 225-231
590 _aInventariado, 2024/BT
700 1 _aPina Toribio, César
_916867
700 1 _aColomer, Jaume,
_ecoordinación
_924032
700 1 _aCasso, Bernat,
_ecoordinación
_986003
910 _aBtavárez
942 _2ddc
_cLBS1
999 _c57210
_d57210